000 00634nam a2200217 a 4500
999 _c5392
_d5392
001 5392
003 BD-JhCC
005 20171213185323.0
008 171213s198 bg a|||| ||a| 00| 0 ben d
035 _a(BD-JhCC)5392
040 _aBD-JhCC
_dBD-JhCC
041 _aben
082 _a616.0252
_bSHI 1983
100 _aশীল, অরুনকুমার
245 _aফাষ্ট এড /
_cঅরুনকুমার শীল
260 _aকলকাতা :
_bআদিত্য প্রকাশলায়,
_c1983.
300 _a158 p. :
_c22 cm.
_billu;
650 _aFirst Aid
942 _2ddc
_cBK